która część ciała małego dziecka dzieli swoją nazwę z czymś innym? - Statystyki

Ogólne statystyki
  • Ten quiz został rozwiązany 5 razy
  • Średni wynik to 3 z 7
Statystyki odpowiedzi
Odpowiedź % Poprawnych
Główka
80%
Nóżki
60%
Rączki
60%
Uszko
60%
Oczko
40%
Kolanko
20%
Ząbki
0%
Nie znaleziono quizów pasujących do podanych kryteriów
Rozkład punktacji
Procent ludzi z każdym wynikiem
Percentyl według liczby udzielonych odpowiedzi
Twoja historia wyników
Nie rozwiązałeś tego quizu